|
|
|
|
| LEADER |
00000cam a2200000 a 4500 |
| 001 |
vtls009761494 |
| 003 |
SK-MaSNL |
| 005 |
20260302043856.0 |
| 008 |
240318s1982 xo a p 000 0 slo |
| 035 |
|
|
|a (SVKBBclas03)vtls000131987
|
| 040 |
|
|
|a SNK
|b slo
|c SNK
|e AACR2
|
| 041 |
0 |
|
|a slo
|
| 044 |
|
|
|a xo
|c SK
|
| 080 |
|
|
|a 621.86/.87
|2 1981
|
| 080 |
|
|
|a 621.56/.59
|2 1981
|
| 080 |
|
|
|a 621.51/.52
|2 1981
|
| 080 |
|
|
|a 621.4
|2 1981
|
| 080 |
|
|
|a 621.396.662
|2 1981
|
| 100 |
1 |
|
|a Suchanský, Michal
|4 aut
|9 47035
|
| 245 |
1 |
0 |
|a Stroje a ich riadenie pre 4. ročník gymnázia
|c Michal Suchanský
|
| 250 |
|
|
|a 1. vyd.
|
| 260 |
|
|
|a Bratislava
|b Alfa
|c 1982
|
| 300 |
|
|
|a 119 s.
|b grafy, sch., tab.
|c 29 cm
|
| 650 |
0 |
7 |
|a stroje a zariadenia
|2 hŠVKBB
|9 276768
|
| 655 |
|
7 |
|a učebnice stredných škôl
|2 hŠVKBB
|9 69323
|
| 852 |
|
|
|a Štátna vedecká knižnica v Banskej Bystrici
|
| 958 |
|
|
|a OND
|
| 999 |
|
|
|c 1088198
|d 1090128
|
| 952 |
|
|
|a SNK
|b SNK
|y PREZ
|7 0
|p 17A0983567
|o snkSB 33992
|i snkKSP 6218/82
|0 0
|1 0
|4 0
|d 2014-05-09
|f 1
|l 0
|r 2025-04-09 00:00:00
|w 2026-02-24
|
| 952 |
|
|
|a SNK
|b SNK
|y VYP
|7 0
|o snkSB 33992 D1
|i snkKSP 6219/82
|0 0
|1 0
|4 0
|d 2014-05-09
|l 0
|r 2026-02-24 16:48:15
|w 2026-02-24
|